| 000 | 00989nam a22003257a 4500 | ||
|---|---|---|---|
| 001 | 000558 | ||
| 003 | DO-SdBPM | ||
| 005 | 20250808141537.0 | ||
| 007 | ta | ||
| 008 | 161014b1985 sp 00| 0 spa d | ||
| 020 | _a8437600014 | ||
| 040 |
_aDO-SdBPM _bspa _cBPMSU _erda |
||
| 082 | 4 |
_a861.6 _bH557h 1985 _222 |
|
| 100 | 1 |
_aHernandez, Miguel _eautor |
|
| 245 | 1 | 0 |
_aEl hombre y su poesía : _bantología / _cMiguel Hernandez ; edicion de Juan Cano Ballesta. |
| 250 | _a 7a ed. | ||
| 264 |
_aMadrid : _bCátedra, _c1985. |
||
| 300 |
_a243 p. ; _c18 cm. |
||
| 336 |
_atexto _btxt _2rdacontent |
||
| 337 |
_asin mediación _bn _2rdamedia |
||
| 338 |
_avolumen _bnc _2rdacarrier |
||
| 490 | 0 |
_aLetras hispánicas, _v2 |
|
| 590 | _aInventariado, 2025/VM | ||
| 650 | 7 | _aPoesía española. | |
| 650 | 7 | _aNaturaleza en la poesía. | |
| 650 | 7 |
_aCebollas _vPoesías |
|
| 700 | 1 |
_aCano Ballesta, Juan, _eeditor |
|
| 910 | _aVMateo V. Control de calidad. BPMSU | ||
| 942 |
_2ddc _cBK |
||
| 999 |
_c11566 _d11566 |
||